Transnacionalización y dependencia /

保存先:
書誌詳細
第一著者: Sunkel, Osvaldo
団体著者: Instituto de Cooperación Iberoamericana
その他の著者: Fuenzalida, Edmundo Cardoso, Fernando Henrique Fortín, Carlos Seers, Dudley
フォーマット: テキスト
出版事項: Madrid: Ediciones cultura iberoamericana
タグ: タグ追加
タグなし, このレコードへの初めてのタグを付けませんか!

MARC

LEADER 00000 a a2200000 04500
001 24708
003
040
020 |a 84-7232-277-7  
090 |a 177700  
100 |a Sunkel, Osvaldo  
110 |a Instituto de Cooperación Iberoamericana  
245 |a Transnacionalización y dependencia /  |c Osvaldo Sunkel 
260 |a Madrid:   |b Ediciones cultura iberoamericana  
300 |a 425 p.  
700 |a Fuenzalida, Edmundo   |a Cardoso, Fernando Henrique   |a Fortín, Carlos   |a Seers, Dudley  
999 |c 12803  |d 12803